01222 2200337 4500001002100000005001500021035002000036007000300056008004100059020002000100040002200120082001800142084002000160090002400180090002200204100003300226245024900259250004000508300006200548650002200610700003300632700003000665850001200695504002900707264003000736336002100766337003000787338002300817999002200840990002200862INLIS00000000085857820210412021053 a0010-0421000483ta210412s2020 a g f ind d a978-623-01-0471 aYOPDYOGbinderda04223a621.314 2 a621.314 2 RAD t aDEP 621.314 2 RAD t aCB-D.11 2020-19461 aRadya Sahisnu, T.ePengarang10aTeknik instalasi penerangan listrik :bSMK/MAK kelas XII. bidang keahlian: teknologi dan rekayasa. program keahlian: teknik kelistrikan. kompetensi keahlian: teknik tenaga listrik /cT. Radya Sahisnu, M. Zulfi Khibron; Penyunting, Venan Anantya aEdisi revisi, Cetakan pertama: 2020 ax, 166 halaman :bilustrasi, foto, tabel, grafik ;c25 cm 4aInstalasi listrik1 aZulfi Khibron, M.ePengarang aVenan Anantyaepenyunting aYOPDYOG aBibliografi: halaman 16331aYogyakarta :bAndi,c2020 2rdacontentateks 2rdamediaatanpa perantara 2rdacarrieravolume aCB-D.11/2020-1946 aCB-D.11/2020-1946